000 00781cab a2200193 4500
001 WB3021-20
008 090401t1994 xxu||||| |||| 00| 0 eng d
035 _a(Sirsi) u62025
041 _aeng
245 _aMonument
260 _c1994
350 _a0
490 _aIndependent
_v30 May 1994, 21(1)
520 _aIn "R v Bovis Construction Ltd" CA 5 May 1994, an appeal by B, convicted of causing works to be executed damaging a scheduled monument, was dismissed on the grounds that the definition of the scheduled monument was conclusive for the strict liability purposes of Ancient Monuments and Archaelogical Areas Act 1979 s2.
650 _aANCIENT MONUMENTS AND ARCHAEOLOGICAL AREAS ACT 1979 S2
690 _aCONSERVATION-CASE LAW
942 _n0
948 _c04/03/1997
999 _c38503
_d38503